|
|
|
|
| LEADER |
00000nam a2200000 a 4500 |
| 001 |
vtls008826496 |
| 003 |
SK-MaSNL |
| 005 |
20260224074231.0 |
| 008 |
160627s2006 xo f u 000 0 slo |
| 015 |
|
|
|a SNBN2013
|
| 020 |
|
|
|c (cen. skup,)
|
| 040 |
|
|
|a SNK
|b slo
|c SNK
|e AACR2
|
| 041 |
0 |
|
|a slo
|
| 044 |
|
|
|a xo
|c SK
|
| 046 |
|
|
|a s
|
| 084 |
|
|
|a 77.040.10
|2 ICS
|
| 245 |
0 |
0 |
|a STN EN ISO 6506-2: 2005, Kovové materiály. Brinellova skúška tvrdosti
|n Časť 2
|p Overovanie a kalibrácia skušobných strojov (ISO 6506-2: 2005)
|
| 260 |
|
|
|a Bratislava
|b Slovenský ústav technickej normalizácie
|c 2006
|
| 300 |
|
|
|a 16 s.
|
| 540 |
|
|
|a Normy sa podľa zákona č. 264/1999 Z. z. nesmú kopírovať
|
| 999 |
|
|
|c 910779
|d 912709
|
| 952 |
|
|
|a SNK
|b SNK
|y PREZ
|7 0
|p 17A0514334
|o snkSTN EN ISO 6506-2
|i snk2006/12919
|8 0
|0 0
|1 0
|4 0
|d 2006-06-27
|l 0
|r 2026-02-24 07:42:31
|w 2026-02-24
|
| 952 |
|
|
|a SNK
|b SNK
|y PREZ
|7 0
|p 17A0514339
|o snkSTN EN ISO 6506-2 D1
|i snk2006/12921
|8 0
|0 0
|1 0
|4 0
|d 2006-06-27
|l 0
|r 2026-02-24 07:42:31
|w 2026-02-24
|